Municipalities of La Guajira (Colombia) With a Map - Statistics

General Stats
  • This quiz has been taken 43 times
  • The average score is 10 of 15
Answers on the Map
Answers color-coded by a green-red scale on the quiz's map according to % correct below.
 
Answer Stats
Municipalities % Correct
Riohacha
93%
Maicao
90%
Manaure
83%
Uribia
83%
Urumita
80%
Villanueva
73%
Fonseca
70%
Distracción
67%
San Juan Del Cesar
67%
Albania
63%
Barrancas
63%
Dibulla
63%
El Molino
53%
Hato Nuevo
53%
La Jagua Del Pilar
43%
No matching quizzes found
Score Distribution
Percent of People with Each Score
Percentile by Number Answered
Your Score History
You have not taken this quiz